000 00903nam a22003137a 4500
003 CHAP
005 20220329140432.0
008 971013s1964 r 00010 d
010 _a51908
011 _a52880
035 _a57030
040 _cCHAP
082 _a332.4
_bT73
100 0 0 _aTriffin, Robert.
_9114943
245 _aVida internacional de la monedas
260 _aMéxico, D.F. :
_bCEMLA,
_c1964
300 _a165 p.
490 _aEstudios
590 _aBATCH-UPD
_b10
_c20130110
_lUCH01
_h1335
590 _aBATCH-UPD
_b10
_c20130410
_lUCH01
_h0839
590 _aBATCH-UPD
_b10
_c20130914
_lUCH01
_h1113
590 _aCONVERSION
_b10
_c20130109
_lUCH01
_h1328
650 1 4 _aCuestión monetaria.
_930120
650 1 4 _aMoneda
_xHistoria.
_977502
830 0 _aEstudios
_938514
901 _aBK
942 _cLIBRO
949 _a332.4 T73
_bBC
_cLIBRO
_d33724000337390
_eLIBRO
_h40460
_i57030
_mD
_si
999 _c51908
_d51908